<?xml version="1.0" encoding="UTF-8"?>
<record
    xmlns:xsi="http://www.w3.org/2001/XMLSchema-instance"
    xsi:schemaLocation="http://www.loc.gov/MARC21/slim http://www.loc.gov/standards/marcxml/schema/MARC21slim.xsd"
    xmlns="http://www.loc.gov/MARC21/slim">

  <leader>00955nam a22002051  4500</leader>
  <controlfield tag="003">BD-RjUL</controlfield>
  <controlfield tag="005">20240118105759.0</controlfield>
  <controlfield tag="008">780509s1911    nyuf          001 1 engs </controlfield>
  <datafield tag="035" ind1=" " ind2=" ">
    <subfield code="a">(BD-RjUL)</subfield>
  </datafield>
  <datafield tag="040" ind1=" " ind2=" ">
    <subfield code="c">BD-RjUL</subfield>
    <subfield code="d">BD-RjUL</subfield>
  </datafield>
  <datafield tag="041" ind1=" " ind2=" ">
    <subfield code="a">eng</subfield>
  </datafield>
  <datafield tag="082" ind1=" " ind2=" ">
    <subfield code="a">823 </subfield>
    <subfield code="b">DOL 1911</subfield>
  </datafield>
  <datafield tag="100" ind1="1" ind2=" ">
    <subfield code="a">Doyle, Arthur Conan,</subfield>
    <subfield code="d">1859-1930.</subfield>
    <subfield code="9">10926</subfield>
  </datafield>
  <datafield tag="245" ind1="1" ind2="4">
    <subfield code="a">The last galley;</subfield>
    <subfield code="b">impressions and tales,</subfield>
    <subfield code="c">by Arthur Conan Doyle.</subfield>
  </datafield>
  <datafield tag="260" ind1=" " ind2=" ">
    <subfield code="a">London:</subfield>
    <subfield code="b">G. Bell &amp; Sons Ltd,</subfield>
    <subfield code="c">1911.</subfield>
  </datafield>
  <datafield tag="300" ind1=" " ind2=" ">
    <subfield code="a">298 p.</subfield>
    <subfield code="b">col. front., pl.</subfield>
    <subfield code="c">20 cm.</subfield>
  </datafield>
  <datafield tag="505" ind1="0" ind2=" ">
    <subfield code="a">The last galley.--The contest.--Through the veil.--An iconoclast.--Giant Maximin.--The coming of the Huns.--The last of the legions.--The first cargo--The home-coming.--The red star.--The silver mirror.--The blighting of Sharkey.--The marriage of the brigadier.--The lord of Falconbridge.--Out of the running.--"De profundis".--The great Brown-Pericord motor.--The terror of Blue John Gap.</subfield>
  </datafield>
  <datafield tag="942" ind1=" " ind2=" ">
    <subfield code="2">ddc</subfield>
    <subfield code="c">BK</subfield>
  </datafield>
  <datafield tag="999" ind1=" " ind2=" ">
    <subfield code="c">82671</subfield>
    <subfield code="d">82671</subfield>
  </datafield>
  <datafield tag="952" ind1=" " ind2=" ">
    <subfield code="0">0</subfield>
    <subfield code="1">0</subfield>
    <subfield code="2">ddc</subfield>
    <subfield code="4">0</subfield>
    <subfield code="7">1</subfield>
    <subfield code="8">FIC</subfield>
    <subfield code="a">RUCL</subfield>
    <subfield code="b">RUCL</subfield>
    <subfield code="c">Reading</subfield>
    <subfield code="d">2024-01-18</subfield>
    <subfield code="l">0</subfield>
    <subfield code="o">823  DOL 1911</subfield>
    <subfield code="r">2024-01-18 00:00:00</subfield>
    <subfield code="t">C-1</subfield>
    <subfield code="w">2024-01-18</subfield>
    <subfield code="y">BK</subfield>
  </datafield>
</record>
